Statistics for Biggest Cities in the European Union by Letter - L

Click here to take the quiz!

General Stats

  • This quiz has been taken 296 times
  • The average score is 13 of 20

Answer Stats

RankPopulationCountryHintCity% Correct
18,755,000United KingdomTower Bridge, The ShardLondon
100%
3565,000United KingdomThe BeatlesLiverpool
99%
5553,000PortugalTorre de BelémLisbon
96%
6507,000FranceCuisine and gastronomyLyon
93%
11280,000SloveniaCapitalLjubljana
93%
7494,000United KingdomRoyal Armouries MuseumLeeds
88%
4560,000GermanyVölkerschlachtdenkmalLeipzig
79%
2701,000PolandNational Film SchoolLódz
78%
8458,000United KingdomChampion of the Premier League 2016Leicester
75%
13234,000FrancePlace du Général-de-GaulleLille
67%
16203,000AustriaFamous Austrian torteLinz
67%
9379,000SpainGran CanariaLas Palmas
64%
14223,000United KingdomA London airportLuton
62%
17197,000BelgiumCultural centre of WalloniaLiège
59%
19173,000France"The port" in FrenchLe Havre
59%
10341,000PolandCracow GateLublin
43%
15216,000GermanyHolstentorLübeck
37%
12255,000SpainBarcelona's neighborL' Hospitalet de Llobregat
26%
20165,000GermanyBASFLudwigshafen
16%
18187,000SpainSuburb of MadridLeganés
15%

Score Distribution

Percentile by Number Answered

Percent of People with Each Score

Your Score History

You have not taken this quiz